00320nam a2200097Ia 4500008004100000245004100041245005700082260000900139650002600148856004800174171211s9999 xx 000 0 und d aModulational Interactions in Plasmas cS.I. Popel, Sergey V. Vladimirov, and V.N. Tsytovich c1995 xFamily and Friendship uhttp://down.ebook777.com/065/0792334876.pdf